[Event "SR 4. liga A21 2009/2010"]
[Site "?"]
[Date "2009.12.19"]
[Round "8.5"]
[White "Pagerka, Slavomir"]
[Black "Perickova, Jana"]
[Result "1-0"]
[WhiteElo "1736"]
[BlackElo "1566"]
[PlyCount "59"]
[EventDate "2010.??.??"]

1. d4 d5 2. c4 e6 3. e3 Nf6 4. Nc3 Be7 5. f4 c5 6. Nf3 Nc6 7. Bd3 cxd4 8. Nxd4
Nxd4 9. exd4 b6 10. Qe2 Ba6 11. cxd5 Bxd3 12. Qxd3 Nxd5 13. Qb5+ Kf8 14. Nxd5
exd5 15. O-O a6 16. Qb3 h5 17. Bd2 h4 18. Rf3 Rh5 19. Bb4 Bxb4 20. Qxb4+ Kg8
21. Re1 Rc8 22. Rfe3 Qf6 23. Qd2 Qg6 24. Re8+ Rxe8 25. Rxe8+ Kh7 26. h3 Qb1+
27. Kh2 Qxa2 28. Qc2+ g6 29. Qc6 Qxb2 30. Qf6 1-0

[Event "SR 4. liga A21 2009/2010"]
[Site "?"]
[Date "2009.12.19"]
[Round "8.5"]
[White "Pericka, Pavol"]
[Black "Nemeckay, Rastislav"]
[Result "0-1"]
[WhiteElo "1717"]
[BlackElo "1780"]
[PlyCount "106"]
[EventDate "2010.??.??"]

1. e4 e5 2. Nf3 Nc6 3. Bc4 Bc5 4. d3 Nf6 5. Nc3 d6 6. h3 Na5 7. Bb3 Nxb3 8.
axb3 d5 9. Nxe5 dxe4 10. O-O exd3 11. Nxd3 Be7 12. Be3 b6 13. Qf3 Bd7 14. Ne5
O-O 15. Rfd1 Qc8 16. Nxd7 Nxd7 17. Nd5 Bd6 18. Bf4 Re8 19. Re1 Ne5 20. Qg3 Qe6
21. Ne3 Qg6 22. Ng4 $4 Nxg4 23. hxg4 Rxe1+ 24. Rxe1 Bxf4 25. Qxf4 Qxc2 26. Re7
Qd1+ 27. Kh2 Qd6 28. Qxd6 cxd6 29. Rd7 Kf8 30. Rxd6 Ke7 31. Rc6 Kd7 32. Rc4 Rc8
33. Kg3 Rxc4 34. bxc4 Kc6 35. Kf4 Kc5 36. Ke5 Kxc4 37. Kd6 Kb3 38. Ke7 Kxb2 39.
Kxf7 a5 40. Kxg7 a4 41. f4 a3 42. f5 a2 43. f6 a1=Q 44. f7 Kc2+ 45. Kg8 Qa2 46.
Kg7 Qb2+ 47. Kxh7 Qf6 48. Kg8 Qg6+ 49. Kf8 Qxg4 50. Ke7 Qe4+ 51. Kf6 Qf4+ 52.
Ke6 Qb4 53. g4 Qxg4+ 0-1

[Event "SR 4. liga A21 2009/2010"]
[Site "?"]
[Date "2009.12.19"]
[Round "8.5"]
[White "Pericka, Tomas"]
[Black "Jozefek, Michal"]
[Result "1-0"]
[WhiteElo "1910"]
[BlackElo "1902"]
[PlyCount "81"]
[EventDate "2010.??.??"]

1. e4 c5 2. Nf3 d6 3. Bb5+ Bd7 4. Qe2 Nc6 5. c3 g6 6. d4 cxd4 7. cxd4 Bg7 8.
Be3 Nf6 9. Nc3 a6 10. Bd3 O-O 11. Rc1 Rc8 12. O-O Bg4 13. Rfd1 Nd7 14. Bb1 Qe8
15. h3 Bxf3 16. Qxf3 e5 17. dxe5 dxe5 18. Nd5 Qe6 19. Qg4 Qxg4 20. hxg4 Rfe8
21. a3 Kf8 22. Kf1 Nd4 23. Ba2 Nc5 24. f3 Nce6 25. Nb6 Rcd8 26. Bd5 Rd6 27. Nc4
Rd7 28. Na5 Rb8 29. Rd3 Ke7 30. Rdc3 Kd8 31. Nc4 b5 32. Na5 b4 33. Nc6+ Nxc6
34. Rxc6 Nd4 35. Rxa6 bxa3 36. bxa3 f5 37. Bg5+ Ke8 38. Rb6 Rdd8 39. Bxd8 Rxd8
40. Rb7 Bh6 41. Rcc7 1-0

[Event "SR 4. liga A21 2009/2010"]
[Site "?"]
[Date "2010.02.07"]
[Round "8.6"]
[White "Blatnicky, Miroslav"]
[Black "Kubis, Ivan"]
[Result "1-0"]
[WhiteElo "2109"]
[BlackElo "2025"]
[PlyCount "73"]
[EventDate "2010.??.??"]

1. d4 Nf6 2. c4 e6 3. Nc3 Bb4 4. Bg5 h6 5. Bh4 O-O 6. a3 Bxc3+ 7. bxc3 d6 8. e3
Nbd7 9. Bd3 b6 10. Be4 Rb8 11. Bf3 c5 12. Bg3 e5 13. Nh3 Re8 14. O-O Ba6 15.
Qa4 Qc8 16. Bc6 Re7 17. Rfd1 Bb7 18. d5 Ne4 19. Bxb7 Rxb7 20. Qc2 f5 21. Bh4 g5
22. f3 Nef6 23. Be1 Nf8 24. a4 g4 25. fxg4 Nxg4 26. Bd2 Rg7 27. Rf1 Rbf7 28. a5
Ng6 29. axb6 axb6 30. Qb1 Nh4 31. g3 f4 32. exf4 e4 33. Qxe4 Re7 34. Qd3 Nf6
35. Nf2 Nh5 36. Kh1 Ng6 37. Rfe1 1-0

[Event "SR 4. liga A21 2009/2010"]
[Site "?"]
[Date "2010.02.07"]
[Round "8.6"]
[White "Hrubsa, Marian"]
[Black "Jakubec, Milan"]
[Result "1-0"]
[WhiteElo "1930"]
[BlackElo "2039"]
[PlyCount "99"]
[EventDate "2010.??.??"]

1. e4 e5 2. Nf3 Nc6 3. Bb5 a6 4. Bxc6 dxc6 5. O-O Bg4 6. h3 h5 7. d3 Qf6 8. Be3
Bxf3 9. Qxf3 Qxf3 10. gxf3 O-O-O 11. Nd2 Ne7 12. Nc4 Ng6 13. Rfd1 c5 14. a4 b6
15. c3 Bd6 16. Rac1 Kb8 17. Rb1 Rd7 18. b4 cxb4 19. cxb4 Rhd8 20. Rb3 Be7 21.
Kf1 Bf6 22. Ke2 Nf8 23. f4 exf4 24. Bxf4 Ne6 25. Be3 Bd4 26. f4 g6 27. Ne5 Bxe5
28. fxe5 Kb7 29. Rc3 Nd4+ 30. Bxd4 Rxd4 31. Rdc1 R8d7 32. Rb3 a5 33. bxa5 Rxa4
34. axb6 cxb6 35. Rcb1 Ra6 36. Ke3 Ka7 37. d4 Rb7 38. d5 Ra2 39. d6 Rc2 40. Rd3
Rd7 41. Ra3+ Kb7 42. Rba1 Kc6 43. Ra8 Rc5 44. Rc8+ Kb7 45. Rxc5 bxc5 46. Kd3 f6
47. Kc4 Kb6 48. Kd5 fxe5 49. Rb1+ Ka7 50. Kc6 1-0

[Event "SR 4. liga A21 2009/2010"]
[Site "?"]
[Date "2010.02.07"]
[Round "8.6"]
[White "Kramarik, Peter"]
[Black "Vach, Jozef"]
[Result "1/2-1/2"]
[WhiteElo "2017"]
[BlackElo "1907"]
[PlyCount "77"]
[EventDate "2010.??.??"]

1. f4 d5 2. b3 Nf6 3. Bb2 c5 4. e3 Nc6 5. Nf3 e6 6. Bb5 Bd7 7. O-O a6 8. Bxc6
Bxc6 9. d4 Rc8 10. Nbd2 Be7 11. Ne5 O-O 12. Rf3 b5 13. Rh3 c4 14. g4 g6 15. c3
Nd7 16. Ndf3 f6 17. Nxd7 Bxd7 18. b4 Kg7 19. Rg3 Bd6 20. Rg2 Qe8 21. g5 f5 22.
Bc1 Rh8 23. Bd2 Ra8 24. Be1 a5 25. a3 Qb8 26. Bg3 Qc7 27. Ne5 Bxe5 28. fxe5 Bc6
29. h4 Qa7 30. Rga2 axb4 31. cxb4 Qd7 32. Bf4 Qf7 33. Qc2 Ra4 34. Qc3 Rha8 35.
Kg2 Be8 36. Kg3 Qa7 37. Kg2 Bf7 38. Kf2 Qc7 39. Kg3 1/2-1/2

[Event "SR 4. liga A21 2009/2010"]
[Site "?"]
[Date "2010.02.07"]
[Round "8.6"]
[White "Kubik, Peter"]
[Black "Bjel, Jan"]
[Result "1/2-1/2"]
[WhiteElo "1583"]
[BlackElo "1837"]
[PlyCount "128"]
[EventDate "2010.??.??"]

1. e4 e6 2. d4 d5 3. Nd2 dxe4 4. Nxe4 Be7 5. Nf3 Nd7 6. Bd3 Ngf6 7. O-O b6 8.
Ne5 Nxe5 9. dxe5 Nd7 10. Qg4 g6 11. Bf4 g5 12. Nxg5 Rg8 13. Bxh7 Rxg5 14. Bxg5
Bxg5 15. f4 Be7 16. Be4 Rb8 17. Rad1 Bb7 18. Bxb7 Rxb7 19. f5 exf5 20. Rxf5
Bc5+ 21. Kh1 Qe7 22. Rh5 Rb8 23. Rh8+ Nf8 24. Qe4 Qe6 25. h3 c6 26. Qf3 Rd8 27.
Rxd8+ Kxd8 28. Qf6+ Kd7 29. Rh4 Ng6 30. Qxe6+ Kxe6 31. Re4 Nxe5 32. g4 f5 33.
gxf5+ Kxf5 34. Re2 Kf4 35. Kg2 Ng6 36. Re6 Ne7 37. Rf6+ Kg5 38. Re6 Kf5 39. Rh6
Nd5 40. Rxc6 Ne3+ 41. Kg3 Nxc2 42. a3 a5 43. h4 Nd4 44. Rc8 Ne2+ 45. Kf3 Nf4
46. Rg8 Nd3 47. h5 Nxb2 48. h6 Bd4 49. h7 Nc4 50. Rd8 Bf6 51. Rf8 Ne5+ 52. Ke2
Ng6 53. Rb8 Bd4 54. Kd3 Bc5 55. a4 Ne5+ 56. Kc3 Nf7 57. Kc4 Kg6 58. Rb7 Kxh7
59. Rxf7+ Kg6 60. Rf1 Kg7 61. Kd5 Kg6 62. Kc6 Kg7 63. Rb1 Kf7 64. Rxb6 Bxb6
1/2-1/2

[Event "SR 4. liga A21 2009/2010"]
[Site "?"]
[Date "2010.02.07"]
[Round "8.6"]
[White "Lanyi, Frantisek"]
[Black "Planka, Peter"]
[Result "1/2-1/2"]
[WhiteElo "1714"]
[BlackElo "1776"]
[PlyCount "84"]
[EventDate "2010.??.??"]

1. e4 e5 2. Nf3 Nc6 3. Bb5 a6 4. Ba4 Nf6 5. O-O b5 6. Bb3 Be7 7. Re1 d6 8. h3
Na5 9. c3 Nxb3 10. axb3 Bb7 11. Qc2 c5 12. d3 O-O 13. Be3 Qc7 14. Nbd2 Nd7 15.
Qd1 Bc6 16. d4 f5 17. Bg5 Qd8 18. Bxe7 Qxe7 19. d5 Bb7 20. c4 b4 21. exf5 Rxf5
22. Ne4 h6 23. Qd3 Rf7 24. Rf1 Nf6 25. Rae1 Nxe4 26. Rxe4 Bc8 27. g4 h5 28. Qe3
hxg4 29. hxg4 Qf6 30. Ng5 Re7 31. Kg2 Raa7 32. Kg3 Qh6 33. f3 a5 34. Rf2 Qf6
35. f4 exf4+ 36. Qxf4 Rxe4 37. Nxe4 Qxf4+ 38. Rxf4 Ra6 39. Rf3 Bd7 40. g5 a4
41. bxa4 Bxa4 42. b3 Be8 1/2-1/2

[Event "SR 4. liga A21 2009/2010"]
[Site "?"]
[Date "2010.02.21"]
[Round "9.1"]
[White "Hrubsa, Marian"]
[Black "Slaby, Jozef"]
[Result "1-0"]
[WhiteElo "1930"]
[BlackElo "1963"]
[PlyCount "79"]
[EventDate "2010.??.??"]

1. e4 d6 2. d4 Nf6 3. Nc3 g6 4. f4 Bg7 5. Nf3 b6 6. e5 dxe5 7. fxe5 Nd5 8. Nxd5
Qxd5 9. Bd3 Nc6 10. c4 Qd7 11. Be3 Bb7 12. O-O Rd8 13. Be4 O-O 14. b4 Rb8 15.
b5 Na5 16. Bxb7 Nxb7 17. Ng5 f5 18. Qb3 Na5 19. Qc3 h6 20. Nf3 Rbc8 21. d5 e6
22. Rad1 exd5 23. Rxd5 Qf7 24. Rfd1 c6 25. Rd7 Qxc4 26. Qd2 Qe6 27. Bxh6 Rf7
28. Rxf7 Qxf7 29. Bxg7 Kxg7 30. Ng5 Qe7 31. e6 cxb5 32. Qb2+ Kh6 33. h4 Qc5+
34. Kh1 Qc4 35. Qf2 Qg4 36. Rd7 Rh8 37. Nf7+ Kh5 38. Nxh8 Qe4 39. Qf3+ Qxf3 40.
gxf3 1-0

[Event "SR 4. liga A21 2009/2010"]
[Site "?"]
[Date "2010.02.21"]
[Round "9.1"]
[White "Kupkovic, Miroslav"]
[Black "Vach, Jozef"]
[Result "1/2-1/2"]
[WhiteElo "1690"]
[BlackElo "1907"]
[PlyCount "57"]
[EventDate "2010.??.??"]

1. d4 Nf6 2. c4 e6 3. Nc3 d5 4. cxd5 exd5 5. Bg5 c6 6. Qc2 Be7 7. e3 Be6 8. Bd3
Nbd7 9. Nf3 h6 10. Bh4 O-O 11. O-O Rc8 12. Rfe1 Kh8 13. a3 Rg8 14. Bg3 Nh5 15.
Be5 Bg4 16. Bg3 Nxg3 17. hxg3 Bd6 18. Bf5 Bxf3 19. gxf3 g6 20. Bxd7 Qxd7 21.
Kg2 f5 22. Rh1 Kg7 23. f4 Rce8 24. b4 Qe7 25. Rac1 a6 26. Rb1 Rgf8 27. Na4 a5
28. Nc5 Rf7 29. Rh4 1/2-1/2

[Event "SR 4. liga A21 2009/2010"]
[Site "?"]
[Date "2010.02.21"]
[Round "9.1"]
[White "Pagac, Robert"]
[Black "Vagovic, Milan"]
[Result "1/2-1/2"]
[WhiteElo "1830"]
[BlackElo "1654"]
[PlyCount "56"]
[EventDate "2010.??.??"]

1. e4 e5 2. Nf3 Nc6 3. Bc4 Bc5 4. d3 Nf6 5. O-O O-O 6. Bg5 h6 7. Be3 Bb6 8. Nc3
d6 9. Qd2 Kh7 10. h3 Na5 11. Bb3 Nxb3 12. axb3 Be6 13. Ne2 Bxe3 14. Qxe3 c5 15.
Nh2 b6 16. f4 exf4 17. Nxf4 d5 18. e5 d4 19. Qe2 Nd5 20. Qf3 Ne3 21. Rf2 a5 22.
Nf1 Nd5 23. Ng3 Ne3 24. Ne4 Qe7 25. Qh5 Bd5 26. Nxd5 Nxd5 27. Raf1 Ra7 28. Rf3
Ne3 1/2-1/2

[Event "SR 4. liga A21 2009/2010"]
[Site "?"]
[Date "2010.02.21"]
[Round "9.1"]
[White "Planka, Peter"]
[Black "Piestansky, Jan"]
[Result "1/2-1/2"]
[WhiteElo "1776"]
[BlackElo "1586"]
[PlyCount "106"]
[EventDate "2010.??.??"]

1. e4 e5 2. Nf3 d6 3. d4 exd4 4. Nxd4 h6 5. Nc3 Nf6 6. Bc4 Be7 7. O-O O-O 8.
Re1 Bd7 9. Nd5 Nxd5 10. exd5 Bf6 11. Ne6 fxe6 12. dxe6 Kh8 13. exd7 Nxd7 14. c3
Ne5 15. Bb3 Bh4 16. Rf1 Qd7 17. Qh5 Qg4 18. Qxg4 Nxg4 19. g3 Be7 20. Bd5 c6 21.
Bg2 d5 22. h3 Nf6 23. Re1 Rae8 24. Be3 b6 25. Rad1 Bd8 26. Bd4 Rxe1+ 27. Rxe1
Re8 28. Kf1 Rxe1+ 29. Kxe1 Kg8 30. Be5 Kf7 31. Kd2 Nd7 32. Bd4 Bf6 33. Bxf6
Kxf6 34. c4 Ke5 35. f4+ Kd4 36. cxd5 cxd5 37. g4 a5 38. Bf1 Nc5 39. Bg2 b5 40.
f5 b4 41. h4 a4 42. g5 hxg5 43. hxg5 Ke5 44. f6 gxf6 45. gxf6 Kxf6 46. Bxd5 Ke5
47. Bf7 Kd4 48. Kc2 Ke3 49. Be8 Kd4 50. Bb5 Ke3 51. a3 bxa3 52. bxa3 Kd4 53.
Kb2 Nd3+ 1/2-1/2

[Event "SR 4. liga A21 2009/2010"]
[Site "?"]
[Date "2010.02.21"]
[Round "9.1"]
[White "Pripko, Bystrik"]
[Black "Kubik, Peter"]
[Result "1/2-1/2"]
[WhiteElo "1591"]
[BlackElo "1583"]
[PlyCount "36"]
[EventDate "2010.??.??"]

1. e4 e5 2. Nf3 Nc6 3. Bc4 Bc5 4. Nc3 d6 5. d3 Bg4 6. h3 Bh5 7. g4 Bg6 8. a3
Nd4 9. Nxd4 Bxd4 10. Ne2 Bb6 11. Ng3 Qd7 12. f4 exf4 13. Bxf4 O-O-O 14. Qf3 f6
15. O-O-O Bf7 16. Bxf7 Qxf7 17. Kb1 Ne7 18. Be3 Bxe3 1/2-1/2

[Event "SR 4. liga A21 2009/2010"]
[Site "?"]
[Date "2010.02.21"]
[Round "9.2"]
[White "Bjel, Jan"]
[Black "Pagerka, Slavomir"]
[Result "1-0"]
[WhiteElo "1837"]
[BlackElo "1736"]
[PlyCount "53"]
[EventDate "2010.??.??"]

1. e4 e5 2. Nf3 Nc6 3. Bb5 Nf6 4. O-O d6 5. Re1 a6 6. Ba4 Bg4 7. c3 b5 8. Bc2
Na5 9. d4 Be7 10. dxe5 Bxf3 11. Qxf3 dxe5 12. Qg3 Bd6 13. Qxg7 Rg8 14. Qh6 Rg6
15. Qh3 Qe7 16. Nd2 Nd7 17. Nf3 Bc5 18. b4 Ba7 19. bxa5 O-O-O 20. Nh4 Qf6 21.
Nf5 Rdg8 22. g3 h5 23. Be3 Bxe3 24. Rxe3 h4 25. Qxh4 Rh8 26. Qxf6 Nxf6 27. Ne7+
1-0

[Event "SR 4. liga A21 2009/2010"]
[Site "?"]
[Date "2010.02.21"]
[Round "9.2"]
[White "Danada, Tomas"]
[Black "Blatnicky, Miroslav"]
[Result "0-1"]
[WhiteElo "1772"]
[BlackElo "2109"]
[PlyCount "90"]
[EventDate "2010.??.??"]

1. e4 e6 2. d4 d5 3. Nc3 Nf6 4. e5 Nfd7 5. f4 c5 6. Nf3 Nc6 7. Be3 Qb6 8. Na4
Qa5+ 9. Nc3 cxd4 10. Nxd4 Bb4 11. Nb3 Qa4 12. Qd2 Bxc3 13. Qxc3 O-O 14. Nd4
Nxd4 15. Bxd4 f6 16. exf6 Nxf6 17. b3 Qe8 18. Bd3 Bd7 19. Bxf6 Rxf6 20. Qd4 Bb5
21. c4 dxc4 22. Bxc4 Bxc4 23. Qxc4 Rc8 24. Qe4 Qb5 25. Rd1 Qa5+ 26. Rd2 Qc3 27.
Rf1 Rd8 28. Qc2 Qa5 29. Rf3 Rf5 30. Rc3 Rdf8 31. g3 Qb6 32. Rg2 e5 33. Rc5 Qb4+
34. Ke2 Qd4 35. Rc4 Qd5 36. Rf2 exf4 37. Rfxf4 Rxf4 38. Rxf4 Qg2+ 39. Kd1 Qg1+
40. Ke2 Qxh2+ 41. Kd1 Qxc2+ 42. Kxc2 Rxf4 43. gxf4 Kf7 44. Kd3 Kf6 45. Ke4 h5
0-1

[Event "SR 4. liga A21 2009/2010"]
[Site "?"]
[Date "2010.02.21"]
[Round "9.2"]
[White "Gasa, Patrik"]
[Black "Lanyi, Frantisek"]
[Result "1/2-1/2"]
[WhiteElo "1465"]
[BlackElo "1714"]
[PlyCount "59"]
[EventDate "2010.??.??"]

1. d4 d5 2. c4 e6 3. Nc3 Nf6 4. Nf3 h6 5. Qc2 Nc6 6. a3 dxc4 7. e3 Na5 8. Be2
Be7 9. Ne5 Nb3 10. Rb1 O-O 11. Bxc4 Nxc1 12. Rxc1 c6 13. O-O Nd5 14. Ba2 Bd6
15. Bb1 f5 16. Nf3 Nf6 17. Rcd1 Qc7 18. e4 fxe4 19. Nxe4 Nxe4 20. Qxe4 g5 21.
Rfe1 b6 22. Rc1 Qe7 23. Qxc6 Bb7 24. Qc3 Qf6 25. Qd3 Rf7 26. Ba2 Re8 27. d5 e5
28. Qe4 Bc8 29. h3 Bf5 30. Qa4 1/2-1/2

[Event "SR 4. liga A21 2009/2010"]
[Site "?"]
[Date "2010.02.21"]
[Round "9.2"]
[White "Jakubec, Milan"]
[Black "Nemeckayova, Monika"]
[Result "1-0"]
[WhiteElo "2039"]
[BlackElo "1751"]
[PlyCount "93"]
[EventDate "2010.??.??"]

1. e4 c5 2. Nf3 d6 3. d4 cxd4 4. Nxd4 Nc6 5. c4 Nf6 6. Nc3 g6 7. Be2 Bg7 8. Be3
O-O 9. O-O Bd7 10. Rc1 Rc8 11. b3 a6 12. h3 Nxd4 13. Bxd4 Bc6 14. Qd3 Qd7 15.
f4 Qc7 16. Be3 Rfd8 17. Nd5 Bxd5 18. cxd5 Qd7 19. Bf3 Rxc1 20. Rxc1 Rc8 21. Rc4
Rxc4 22. Qxc4 e6 23. dxe6 fxe6 24. Bd4 Kf7 25. f5 gxf5 26. exf5 b5 27. fxe6+
Qxe6 28. Qxe6+ Kxe6 29. Bb7 a5 30. Bc6 a4 31. bxa4 bxa4 32. Bxa4 Bh6 33. Bc2
Bd2 34. Bxf6 Kxf6 35. Bxh7 Kg5 36. Kf2 d5 37. Kf3 d4 38. g3 Kh5 39. h4 Be1 40.
a4 Kh6 41. Bd3 Kh5 42. Be2 Kg6 43. Kf4 Kf6 44. h5 Kg7 45. g4 Bd2+ 46. Ke5 Be3
47. a5 1-0

[Event "SR 4. liga A21 2009/2010"]
[Site "?"]
[Date "2010.02.21"]
[Round "9.2"]
[White "Nemeckay, Rastislav"]
[Black "Kramarik, Peter"]
[Result "1/2-1/2"]
[WhiteElo "1780"]
[BlackElo "2017"]
[PlyCount "58"]
[EventDate "2010.??.??"]

1. e4 c5 2. Nf3 Nc6 3. d4 cxd4 4. Nxd4 e5 5. Nb5 d6 6. N1c3 a6 7. Na3 Nf6 8.
Bg5 Be7 9. Bxf6 Bxf6 10. Nc4 Nd4 11. Nd5 Be6 12. Nxf6+ gxf6 13. c3 Bxc4 14.
Bxc4 Ne6 15. Bxe6 fxe6 16. Qh5+ Ke7 17. O-O Qe8 18. Qxe8+ Rhxe8 19. Rad1 Red8
20. f4 Rac8 21. fxe5 dxe5 22. Kf2 Rc4 23. Rxd8 Kxd8 24. Ke3 Ke7 25. Kd3 Rc8 26.
Rd1 Rg8 27. Rd2 Kd6 28. Rf2 Rg6 29. g3 Rh6 1/2-1/2

[Event "SR 4. liga A21 2009/2010"]
[Site "?"]
[Date "2010.02.21"]
[Round "9.3"]
[White "Bozik, Branislav"]
[Black "Gubis, Vladimir"]
[Result "0-1"]
[WhiteElo "1473"]
[BlackElo "1786"]
[PlyCount "94"]
[EventDate "2010.??.??"]

1. e4 c5 2. Nf3 d6 3. Bc4 e6 4. Nc3 a6 5. a3 Nd7 6. d3 Be7 7. O-O Ngf6 8. Bg5
Qc7 9. Qc1 b5 10. Ba2 Bb7 11. Qd2 O-O 12. Rfe1 Rfe8 13. h3 Rad8 14. Bf4 e5 15.
Bg5 Nb6 16. Bb3 c4 17. dxc4 Nxc4 18. Bxc4 Qxc4 19. Qe3 Qc7 20. Rad1 Bc6 21. Qe2
Qb7 22. Bxf6 Bxf6 23. Rd2 d5 24. exd5 Bxd5 25. Ne4 Bxe4 26. Qxe4 Qxe4 27. Rxe4
Rxd2 28. Nxd2 Bd8 29. c4 f5 30. Re1 Kf7 31. cxb5 axb5 32. Rc1 Bg5 33. Rc7+ Re7
34. Rxe7+ Kxe7 35. Nf3 Bf6 36. Kf1 e4 37. Nd2 Bxb2 38. Nb1 Kd6 39. Ke2 Ke5 40.
Kd2 f4 41. Ke2 g5 42. Kd2 Kd5 43. Nc3+ Bxc3+ 44. Kxc3 Kc5 45. Kb3 Kd4 46. Kc2
Kc4 47. Kb2 Kd3 0-1

[Event "SR 4. liga A21 2009/2010"]
[Site "?"]
[Date "2010.02.21"]
[Round "9.3"]
[White "Manak, Adrian"]
[Black "Hanzluvka, Peter"]
[Result "1/2-1/2"]
[WhiteElo "1815"]
[BlackElo "2007"]
[PlyCount "94"]
[EventDate "2010.??.??"]

1. e4 c5 2. Nf3 d6 3. d4 cxd4 4. Nxd4 Nf6 5. Nc3 a6 6. Be3 e6 7. f3 Be7 8. g4
h6 9. Qd2 b5 10. O-O-O Bb7 11. Kb1 Nbd7 12. Bd3 Rc8 13. a3 Ne5 14. Nce2 Qc7 15.
h4 d5 16. exd5 Nxd5 17. Nf4 Nxe3 18. Qxe3 Bc5 19. Nfxe6 fxe6 20. Bg6+ Nxg6 21.
Qxe6+ Ne7 22. Nf5 Qc6 23. Rd6 Bxd6 24. Nxd6+ Kd8 25. Nf7+ Kc7 26. Qxe7+ Qd7 27.
Qe5+ Kb6 28. Nxh8 Rxh8 29. Qe3+ Kc7 30. Qe5+ Kc8 31. Qc3+ Kb8 32. Re1 Rd8 33.
g5 Qf7 34. Qe5+ Ka8 35. f4 Rf8 36. Qe7 hxg5 37. fxg5 g6 38. Qxf7 Rxf7 39. Re6
Rg7 40. Kc1 Ka7 41. Kd2 Bf3 42. Ke3 Bh5 43. Kd4 Rc7 44. Kd3 Rc4 45. Re4 Rc6 46.
c4 bxc4+ 47. Kc3 Kb6 1/2-1/2

[Event "SR 4. liga A21 2009/2010"]
[Site "?"]
[Date "2010.02.21"]
[Round "9.3"]
[White "Sedlak, Rastislav"]
[Black "Gavlas, Jakub"]
[Result "1-0"]
[WhiteElo "1562"]
[BlackElo "1417"]
[PlyCount "63"]
[EventDate "2010.??.??"]

1. e4 e5 2. Nf3 Nc6 3. Bc4 Bc5 4. O-O d6 5. h3 Bd7 6. d3 h6 7. Nc3 g5 8. g4 Qe7
9. Nd5 Qd8 10. a3 a5 11. Bd2 f6 12. b4 axb4 13. axb4 Rxa1 14. Qxa1 h5 15. bxc5
dxc5 16. Nh2 hxg4 17. hxg4 Bxg4 18. Nxg4 Qc8 19. Ndxf6+ Nxf6 20. Nxf6+ Kd8 21.
Be6 Qb8 22. Bxg5 b5 23. Nd7+ Ke8 24. Nxb8 Nxb8 25. Qa8 Kf8 26. Qxb8+ Kg7 27.
Qxc7+ Kg6 28. Qxe5 Rh1+ 29. Kxh1 c4 30. Bf6 cxd3 31. Rg1+ Kh7 32. Qh2# 1-0

[Event "SR 4. liga A21 2009/2010"]
[Site "?"]
[Date "2010.02.21"]
[Round "9.3"]
[White "Siska, Michal"]
[Black "Pericka, Pavol"]
[Result "0-1"]
[WhiteElo "1607"]
[BlackElo "1717"]
[Annotator ",Ras�o"]
[PlyCount "92"]
[EventDate "2010.??.??"]

1. c4 e5 2. Nc3 Nf6 3. d3 h6 4. g3 Bc5 5. Bg2 c6 6. Nf3 d6 7. a3 a5 8. Nd2
Bxf2+ 9. Kxf2 Ng4+ 10. Ke1 Ne3 11. Bxc6+ Nxc6 12. Qa4 Ng2+ 13. Kf2 Bh3 14. Qb5
O-O 15. Qxb7 Nd4 16. Nd5 Nf4 17. Nxf4 exf4 18. Nf3 Nc2 19. Rb1 Rb8 20. Qd5 Qb6+
21. c5 dxc5 22. Bxf4 Be6 23. Qe4 Rbd8 24. Kg2 Nd4 25. b4 axb4 26. axb4 c4 27.
Be3 f5 28. Bxd4 fxe4 29. Bxb6 exf3+ 30. exf3 Rxd3 31. Rhd1 Rfxf3 32. Rxd3 Rxd3
33. Rc1 Rd2+ 34. Kg1 Kf7 35. Bc5 Bd5 36. Bf2 Ke6 37. Kf1 Ke5 38. b5 Ke4 39. b6
Bb7 40. Re1+ Kd3 41. Re7 Rd1+ 42. Re1 Rxe1+ 43. Bxe1 c3 44. Bxc3 Kxc3 45. g4 g5
46. h3 Kc4 {nezarucujem, ze sa partia hrala presne takto, v oboch partiaroch
chybaju tahy! Cierny vyhral po dalsich cca 12 tahoch.} 0-1

[Event "SR 4. liga A21 2009/2010"]
[Site "?"]
[Date "2010.02.21"]
[Round "9.3"]
[White "Skapik, Branislav"]
[Black "Orvisky, Vladimir"]
[Result "0-1"]
[WhiteElo "1847"]
[BlackElo "1883"]
[PlyCount "66"]
[EventDate "2010.??.??"]

1. e4 Nf6 2. e5 Nd5 3. d4 d6 4. Nf3 Bg4 5. Be2 e6 6. c4 Nb6 7. Nc3 Be7 8. O-O
O-O 9. Be3 Nc6 10. exd6 cxd6 11. Bd3 d5 12. c5 Nd7 13. a3 a5 14. Qc2 f5 15. Kh1
h6 16. Rg1 f4 17. Bd2 Bxf3 18. gxf3 Nxd4 19. Bh7+ Kh8 20. Qg6 Nf5 21. Bxf4 Rf6
22. Qh5 Kxh7 23. Bg5 Rf8 24. Be3 Qe8 25. Qg4 Qf7 26. Rg2 Ne5 27. Qh3 d4 28. Bf4
Ng6 29. Rxg6 Qxg6 30. Rg1 Qf6 31. Ne4 Qh4 32. Qxh4 Nxh4 33. Be5 Nf5 0-1

[Event "SR 4. liga A21 2009/2010"]
[Site "?"]
[Date "2010.02.21"]
[Round "9.4"]
[White "Bendzela, Tibor"]
[Black "Mihalik, Pavol"]
[Result "1-0"]
[WhiteElo "1455"]
[BlackElo "1411"]
[PlyCount "61"]
[EventDate "2010.??.??"]

1. e4 e5 2. Nf3 Nc6 3. Bc4 Bc5 4. Nc3 Nf6 5. d3 d6 6. Bg5 O-O 7. h3 a6 8. Nd5
Nd4 9. Nxf6+ gxf6 10. Be3 Nxf3+ 11. Qxf3 Kh8 12. Bxc5 dxc5 13. Qh5 Be6 14. Bxe6
fxe6 15. O-O-O Rg8 16. g4 Rg5 17. Qh4 Qe7 18. Rhf1 b6 19. f4 exf4 20. Rxf4 Rg6
21. Rdf1 Rf8 22. e5 Qd8 23. Rxf6 Rgxf6 24. Rxf6 Rxf6 25. exf6 Qd7 26. Qh6 Kg8
27. g5 Qf7 28. h4 e5 29. h5 a5 30. g6 Qd7 31. f7+ 1-0

[Event "SR 4. liga A21 2009/2010"]
[Site "?"]
[Date "2010.02.21"]
[Round "9.4"]
[White "Husek, Lubomir"]
[Black "Palka, Martin"]
[Result "1/2-1/2"]
[WhiteElo "1749"]
[BlackElo "1889"]
[PlyCount "44"]
[EventDate "2010.??.??"]

1. e4 c5 2. Nf3 d6 3. d4 cxd4 4. Nxd4 Nf6 5. Nc3 a6 6. Be2 e6 7. a4 Be7 8. O-O
O-O 9. Be3 Nc6 10. f4 Qc7 11. Qe1 Bd7 12. Qg3 Nxd4 13. Bxd4 Bc6 14. Bd3 Rfe8
15. Rae1 Bd8 16. e5 dxe5 17. fxe5 Nd7 18. Qh3 Nf8 19. Ne4 Bxe4 20. Rxe4 Be7 21.
Kh1 Bc5 22. Bxc5 Qxc5 1/2-1/2

[Event "SR 4. liga A21 2009/2010"]
[Site "?"]
[Date "2010.02.21"]
[Round "9.4"]
[White "Klimesova, Gabriela"]
[Black "Podkopcan, Miroslav"]
[Result "1-0"]
[WhiteElo "1435"]
[BlackElo "1427"]
[PlyCount "33"]
[EventDate "2010.??.??"]

1. e4 e5 2. Nf3 Nc6 3. Bc4 Bc5 4. d3 d6 5. c3 Bg4 6. Qb3 b6 7. Bxf7+ Kf8 8.
Bxg8 Rxg8 9. Qd5 Bd7 10. Bg5 Qe8 11. b4 Bxb4 12. cxb4 Nxb4 13. Qc4 a5 14. Qxc7
b5 15. Qxd6+ Kf7 16. Nxe5+ Qxe5 17. Qxe5 1-0

[Event "SR 4. liga A21 2009/2010"]
[Site "?"]
[Date "2010.02.21"]
[Round "9.4"]
[White "Lanik, Miroslav"]
[Black "Klimes, Karel"]
[Result "1/2-1/2"]
[WhiteElo "1745"]
[BlackElo "1531"]
[PlyCount "55"]
[EventDate "2010.??.??"]

1. e4 e5 2. Nf3 Nc6 3. Bb5 a6 4. Ba4 Nf6 5. O-O Be7 6. Re1 b5 7. Bb3 d6 8. c3
O-O 9. h3 Na5 10. Bc2 c5 11. d4 Qc7 12. Nbd2 cxd4 13. cxd4 Nc6 14. Nb3 a5 15.
Be3 a4 16. Nbd2 Bd7 17. Rc1 Qb7 18. Qe2 Nb4 19. Bb1 Rac8 20. d5 Rxc1 21. Rxc1
h6 22. a3 Na6 23. Nh2 Rc8 24. Rxc8+ Qxc8 25. Bd3 Qb7 26. Ng4 Nxg4 27. hxg4 Bf6
28. Nf1 1/2-1/2

[Event "SR 4. liga A21 2009/2010"]
[Site "?"]
[Date "2010.02.21"]
[Round "9.4"]
[White "Wallner, Juraj"]
[Black "Tokos, Rastislav"]
[Result "1/2-1/2"]
[WhiteElo "1415"]
[BlackElo "1926"]
[PlyCount "35"]
[EventDate "2010.??.??"]

1. e4 c5 2. Nf3 Nc6 3. d4 cxd4 4. Nxd4 Nf6 5. Nc3 d6 6. Bb5 Bd7 7. Nxc6 Bxc6 8.
Bxc6+ bxc6 9. O-O e6 10. Qf3 Qc7 11. Bg5 Be7 12. Rfe1 h6 13. Bxf6 Bxf6 14. Rad1
O-O 15. Re3 d5 16. exd5 cxd5 17. Qg3 Qxg3 18. Rxg3 1/2-1/2